00523nam a2200193 a 4500001001300000003000900013005001700022008004100039020002300080082001500103100001900118245002700137260004300164300001000207500003500217505003900252650001900291700001900310nice12345678IN_TiNIC20260116014917.0050524s1997 lona grp 000 0 eng  a0008876 c63000a923.2bFIS aFischer, Louis aLife of Mahatma Gandhi aLondon bCollins Religious Pub. c1997 a671p. aincludes index and biblioraphy2 aElementary Grammar of the Language aGandhi Mahatma1 aFischer, Louis